00759nam a2200277Ia 4500008004100000020001800041050001000059050001400069100001900083245004300102245006100145245002200206260001800228260001700246260000900263300002200272300002000294300001000314500003000324650002300354650001800377650002500395650003100420700001100451999001900462170711s9999 xx 000 0 und d a9781259071317 a658.4 bG172 2011 aGallo, Carmine 4aThe innovation secrets of Steve Jobs : binsanely different principles for breakthrough success / cby Carmine Gallo. aPhilippines : bMcGraw Hill, c2013 axiii, 241 pages : billustrations ; c23cm. aIncludes notes and index. aCreative thinking. aNew products. aSuccess in business. aTechnological innovations. aTitle. c339609d339609